000 00389nam a2200169Ia 4500
008 230524s9999 xx 000 0 und d
020 _a0074600818
082 _a4.62
_bRIC
100 _aElaine Rich
245 0 _aArtificial Intelligence
250 _a2ND
260 _aNEW DELHI
_bTMH
_c2001
300 _aXVII;621
500 _aQuantity Number: 65
650 _aComp-Sc
942 _cBK
999 _c4223
_d4223